Test your mathematical intelligence (math IQ quiz) - Statistics

General Stats
  • This quiz has been taken 5,690 times
  • The average score is 8 of 14
Answer Stats
Hint Answer % Correct
3, 6, 9, 12, 15, ? 18
100%
1, 2, 3, 4, 5, ? 6
100%
3, 6, 12, 24, 48, ? 96
97%
4, 5, 7, 10, 14, ? 19
95%
4, 6, 10, 18, 34, ? 66
88%
8, 15, 24, 35, 48, ? 63
84%
25, 54, 83, 112, 141, ? 170
54%
17, 25, 32, 37, 47, ? 58
39%
15, 27, 42, 84, 168, ? 336
38%
35, 24, 19, 32, 39, 28, 23, ? 36
36%
31, 71, 12, 52, 92, ? 33
31%
59, 14, 19, 29, 40, 44, 52, 59, ? 73
16%
43, 54, 31, 17, 22, 16, ? 14
10%
142, 562, 586, 9016, 14201, 64562, ? 701867
1%
No matching quizzes found
Score Distribution
Percent of People with Each Score
Percentile by Number Answered
Your Score History
You have not taken this quiz